000
00295nam a22001217a 4500
041
_a
ENG
100
_a
Johe .Deere
245
_a
Conservation Tillage Systems & Managernt Crop Residues CD Rom
260
_a
lowa
_b
Midwest plan Service
_c
2009
300
_a
I CD
650
_a
IDE
856
_u
CD
999
_c
2653
_d
2653